Nova reforma processual civil : (Record no. 769)

MARC details
000 -LÍDER
Campo Fixo de Controle 00734nam a2200241 a 4500
001 - NÚMERO DE CONTROLE
Campo de Controle 769
003 - IDENTIFICAÇÃO DO NÚMERO DE CONTROLE
Campo de Controle BR-CuiBMT
005 - DATA E HORA DA ÚLTIMA ATUALIZAÇÃO
Campo de Controle 20231116212730.0
008 - DADOS FIXOS
Dados Fixos 231116s2002 spba 000 0 por d
020 ## - INTERNATIONAL STANDARD BOOK NUMBER
Nº do ISBN 8586456454
040 ## - AGÊNCIA CATALOGADORA
Código da Agência Catalogadora BR-CuiBMT
Agência que transcreveu o registro BR-CuiBMT
080 ## - Nº DA CLASSIFICAÇÃO DECIMAL UNIVERSAL
Nº edição CDU 2007
Nº Class. CDU 347.91/95
090 ## - NÚMERO DE CHAMADA
Nº classificação 347.91/95
Cutter N935
245 1# - TÍTULO PRINCIPAL
Título principal Nova reforma processual civil :
Subtítulo comentada /
Indicação de responsabilidade Alberto Camiña Moreira... [et al.].
260 ## - PUBLICAÇÃO, DISTRIBUIÇÃO, ETC.
Local de publicação São Paulo :
Editora Método,
Data 2002
300 ## - DESCRIÇÃO FÍSICA
N. páginas ou volumes 510 p.:
Ilustrações il.
Dimensões 23 cm
504 ## - NOTA DE BIBLIOGRAFIA, ETC.
Nota de bibliografia Inclui bibliografia.
650 ## - ASSUNTO TÓPICO
Cabeçalho tópico ou nome geográfico Processo civil
Subdivisão geral Legislação
Subdivisão geográfica Brasil
650 ## - ASSUNTO TÓPICO
Cabeçalho tópico ou nome geográfico Direito processual civil
Subdivisão geográfica Brasil
650 ## - ASSUNTO TÓPICO
Cabeçalho tópico ou nome geográfico Reforma processual civil
700 ## - ENTRADA SECUNDÁRIA -- NOME PESSOAL
Nome pessoal Camiña Moreira, Alberto
Termo de relação [et al.]
942 ## - ELEMENTOS DE ENTRADA ADICIONAIS (KOHA)
Fonte de classificação ou esquema de arquivamento Classificação Decimal Universal
Tipo de item do Koha Livros
Holdings
Estado: removido Estado: perdido Fonte de classificação ou esquema de arquivamento Estado: danificado Indisponível para empréstimo Localização permanente Localização atual Data de aquisição Total Checkouts Número de Chamada completo Código de barras Date last seen Número do exemplar Preço efetivo a partir de Tipo de item (Koha)
    Classificação Decimal Universal     Biblioteca da Escola Superior de Contas do TCE/MT Biblioteca da Escola Superior de Contas do TCE/MT 16/11/2023   347.91/95 N935 BIBTCEMT23110674 16/11/2023 Ex. 1 16/11/2023 Livros

Powered by Koha